15 Random Missing Countries on a Map - Statistics

General Stats
  • This quiz has been taken 521 times
  • The average score is 13 of 15
Answers on the Map
Answers color-coded by a green-red scale on the quiz's map according to % correct below.
 
Answer Stats
Country % Correct
Algeria
100%
Angola
100%
Australia
100%
Austria
100%
Belarus
100%
Bolivia
100%
Brazil
100%
Canada
100%
China
100%
Colombia
100%
Democratic Republic of the Congo
100%
Eswatini
100%
Finland
100%
France
100%
Guinea
100%
Indonesia
100%
Kazakhstan
100%
Kiribati
100%
Libya
100%
Lithuania
100%
Mexico
100%
Mozambique
100%
Nepal
100%
Panama
100%
Paraguay
100%
Peru
100%
Russia
100%
Saudi Arabia
100%
Tajikistan
100%
Turkey
100%
Ukraine
100%
United States
100%
Venezuela
100%
Egypt
96%
Namibia
96%
Poland
96%
Iran
95%
Italy
95%
Japan
95%
Turkmenistan
95%
Uzbekistan
95%
Zimbabwe
95%
Central African Republic
94%
Chad
94%
Germany
94%
India
94%
Ivory Coast
94%
Mauritania
94%
Mongolia
94%
New Zealand
94%
Niger
94%
Papua New Guinea
94%
Slovenia
94%
South Korea
94%
Argentina
93%
Morocco
93%
Nigeria
93%
Oman
93%
Spain
93%
Azerbaijan
92%
Bhutan
92%
Chile
92%
Denmark
92%
Greece
92%
Guatemala
92%
Kosovo
92%
Lesotho
92%
Netherlands
92%
Sweden
92%
United Kingdom
92%
Uruguay
92%
Costa Rica
91%
Guyana
91%
Honduras
91%
Iceland
91%
Slovakia
91%
South Africa
91%
Czech Republic
90%
Gabon
90%
Mali
90%
Hungary
89%
Portugal
89%
Republic of the Congo
89%
Romania
89%
Switzerland
89%
Tanzania
89%
Bahamas
88%
Estonia
88%
Senegal
88%
Tunisia
88%
Bangladesh
86%
Benin
86%
Ethiopia
86%
Pakistan
86%
Suriname
86%
Zambia
86%
Afghanistan
85%
Bosnia and Herzegovina
85%
Myanmar
85%
Serbia
85%
South Sudan
85%
Togo
85%
Guinea-Bissau
84%
Moldova
84%
Belgium
83%
Botswana
83%
Croatia
83%
Malaysia
83%
Sudan
83%
Yemen
83%
Ecuador
82%
Iraq
82%
Palau
82%
São Tomé and Príncipe
82%
Cameroon
81%
Kenya
81%
Liberia
81%
Ghana
80%
Montenegro
80%
Nicaragua
80%
Norway
80%
Taiwan
80%
Thailand
80%
Haiti
79%
Laos
79%
North Korea
79%
North Macedonia
79%
Sri Lanka
79%
Cuba
78%
Luxembourg
78%
Micronesia
76%
Dominican Republic
75%
Israel
75%
Latvia
75%
Syria
75%
El Salvador
73%
Malawi
73%
Vietnam
73%
Jamaica
72%
Lebanon
72%
Nauru
72%
Belize
71%
Cape Verde
71%
Marshall Islands
71%
Seychelles
71%
Uganda
70%
United Arab Emirates
70%
Bulgaria
69%
Ireland
69%
Kuwait
69%
Armenia
68%
Equatorial Guinea
68%
Rwanda
68%
Burkina Faso
67%
Cambodia
67%
Eritrea
67%
Kyrgyzstan
67%
Sierra Leone
67%
Albania
65%
Tuvalu
64%
Cyprus
63%
Fiji
63%
Vanuatu
62%
Djibouti
60%
Philippines
60%
Qatar
59%
Solomon Islands
59%
Georgia
58%
Mauritius
58%
Jordan
57%
Somalia
57%
Malta
55%
Gambia
54%
Comoros
53%
Madagascar
50%
Tonga
50%
Burundi
46%
Samoa
46%
Trinidad and Tobago
45%
Maldives
38%
East Timor
35%
No matching quizzes found
Score Distribution
Percent of People with Each Score
Percentile by Number Answered
Your Score History
You have not taken this quiz